000 00423nam a2200181Ia 4500
001 11425
005 20260306162827.0
008 260306t1955||||xx |||||||||||||| ||spa||
041 _aESP
082 _a985.0492
_bE31
100 _aEguiguren, Luis Antonio
_eAUT
245 0 _aUnanue, Arequipa y la historia creadora
260 _c1955
300 _a
_c
650 _aGEN
654 _aCHU
942 _cLIB
_dJUS
_fJUS
_2ddc
_n
999 _c11425
_d11425